000 00836nam a2200253 a 4500
001 000023818
005 20200930022505.0
008 110113s1997 sp r 000 f spa d
020 _a8479531673
040 _aDO-SdBNP
_bspa
_cBNPHU
041 1 7 _aspa
_heng
_2Código de idioma MARC
082 _a894.5513
_bS997l
100 1 _aSzepez, María
_949027
240 1 0 _aA vöros oroszlán.
_lEspañol.
245 1 0 _aEl león rojo /
_cMaría Szepez ; traducción Ana Tortajada.
260 _aBarcelona, (España) :
_bEdiciones Urano,
_c1997.
300 _a460 p. ;
_c23 cm.
534 _aTítulo original:
_tA vöros oroszlán
500 _aIncluye datos biográficos del autor en la contracubierta
650 4 _aNovela húngara
_945196
650 4 _aLiteratura húngara
_921825
700 1 _aTortajada, Ana
_etr.
_913378
049 _aBNGR
999 _c23314
_d23314